Právní aspekty regulace reklamy na léčiva

Fungujúce zdravotníctvo reklamu nepotrebuje. Reklama liečiv nesmie ovplyvňovať kvalitu zdravotnej starostlivosti. Právna regulácia reklamy liečiv je intenzívne zameraná na minimalizáciu informačnej manipulácie výrobcov s názormi pacientov a odborníkov. Marketingové techniky ovplyvňovania výsledku t...

Descripción completa

Guardado en:
Detalles Bibliográficos
Autor principal: Vavrečka, Jan
Formato: Capítulo de libro
Lenguaje:checo
Materias:
Etiquetas: Agregar Etiqueta
Sin Etiquetas, Sea el primero en etiquetar este registro!

MARC

LEADER 00000naa$a2200000$$$4500
001 0097703
005 20231018131431.0
041 0 |a cze 
044 |a CZ 
245 1 0 |a Právní aspekty regulace reklamy na léčiva  |c Jan Vavrečka 
520 |a Fungujúce zdravotníctvo reklamu nepotrebuje. Reklama liečiv nesmie ovplyvňovať kvalitu zdravotnej starostlivosti. Právna regulácia reklamy liečiv je intenzívne zameraná na minimalizáciu informačnej manipulácie výrobcov s názormi pacientov a odborníkov. Marketingové techniky ovplyvňovania výsledku terapeutického rozhodnutia sú u liečiv nežiadúce a z pohľadu verejného záujmu zakázané. Reklama na liečivá nesmie narušiť dôveru terapeutického vzťahu medzi lekárom a pacientom. 
610 2 0 |a reklama 
610 2 0 |a propagácia 
610 2 0 |a liečivá 
610 2 0 |a zdravie 
610 2 0 |a zdravotníctvo 
610 2 0 |a regulácia 
100 1 |a Vavrečka, Jan